[Event "Nouadhibou Independence op"]
[Site "Nouadhibou"]
[Date "2014.11.29"]
[Round "6"]
[White "Khlil, Mohamedou"]
[Black "Sid Ahmed, Elmahmoud"]
[Result "0-1"]
[WhiteElo "1600"]
[BlackElo "1682"]
[PlyCount "74"]
[EventDate "2014.11.27"]
[EventType "swiss"]
[EventRounds "9"]
[EventCountry "MAU"]
[SourceTitle "CBM 163 Extra"]
[Source "ChessBase"]
[SourceDate "2014.12.23"]
[SourceVersion "1"]
[SourceVersionDate "2014.12.23"]
[SourceQuality "1"]

1. e4 e6 2. d4 d5 3. Ne2 c5 4. e5 Nc6 5. c3 Qb6 6. Be3 Nge7 7. Nd2 Nf5 8. Nb3 c4 9. Nd2 Nxe3 10. fxe3 Qxb2 11. e4 g6 12. Rb1 Qxa2 13. exd5 exd5 14. Ra1 Qb2 15. Qb1 Qxb1+ 16. Rxb1 Ne7 17. Nf4 a5 18. Ra1 h5 19. Be2 Bh6 20. 0-0 a4 21. g3 Bf5 22. Ra2 b5 23. Bf3 Bxf4 24. gxf4 0-0 25. Kg2 Rfb8 26. Rc1 Kg7 27. Kf2 b4 28. cxb4 Rxb4 29. Ke1 Bh3 30. Kd1 Rab8 31. Rc3 Bg4 32. Kc1 Bxf3 33. Rxf3 Nf5 34. Rfa3 Nxd4 35. Rxa4 c3 36. Rxb4 cxd2+ 37. Rxd2 Rxb4 0-1

[Event "Nouadhibou Independence op"]
[Site "Nouadhibou"]
[Date "2014.11.27"]
[Round "1"]
[White "Khlil, Mohamedou"]
[Black "Kar, El Moustapha"]
[Result "0-1"]
[WhiteElo "1600"]
[BlackElo "1925"]
[PlyCount "48"]
[EventDate "2014.11.27"]
[EventType "swiss"]
[EventRounds "9"]
[EventCountry "MAU"]
[SourceTitle "CBM 163 Extra"]
[Source "ChessBase"]
[SourceDate "2014.12.23"]
[SourceVersion "1"]
[SourceVersionDate "2014.12.23"]
[SourceQuality "1"]

1. e4 e6 2. Nf3 d5 3. exd5 exd5 4. d4 Nf6 5. c4 Bb4+ 6. Nc3 0-0 7. Bd3 Re8+ 8. Be3 Ng4 9. Qd2 dxc4 10. Bxc4 Qe7 11. 0-0 Nxe3 12. Rfe1 Bg4 13. Rxe3 Qf8 14. Rae1 Nd7 15. Ng5 Bh5 16. Rxe8 Rxe8 17. Rxe8 Qxe8 18. Qf4 Bd6 19. Bxf7+ Bxf7 20. Qxf7+ Qxf7 21. Nxf7 Kxf7 22. Kf1 Bb4 23. Nb5 Ba5 24. Nxa7 c6 0-1